000 00709nam a2200229 a 4500
001 000021366
005 20250128171937.0
008 100906s1994 sp 000 j spa d
020 _a8420613096
040 _aDO-SdBNP
_bspa
_cBNPHU
082 _aA863.4
_bB732a
100 1 _aBorges, Jorge Luis,
_d1899-1986
_94173
245 1 3 _aEl aleph /
_cJorge Luis Borges.
260 _aMadrid :
_bAlianza;
_aBuenos Aires, Argentina :
_bEmecé,
_c1994.
300 _a184 p. ;
_c18 cm.
490 1 _aLlibro de bolsillo. Literatura
_v309
650 4 _aCuentos argentinos
_93752
650 4 _aLiteratura argentina
_ySIGLO XX
_914711
830 0 _aLibro de bolsillo. Literatura;
_v309
_99889
910 _aWM
049 _aBNGR
999 _c20866
_d20866